Математическая обработка экспериментальных данных зажигания смесевого твердого топлива одиночными нагретыми частицами; Современные техника и технологии; Т. 1

Bibliografske podrobnosti
Parent link:Современные техника и технологии: сборник трудов XXI международной научной конференции студентов, аспирантов и молодых ученых, Томск, 5-9 октября 2015 г./ Национальный исследовательский Томский политехнический университет (ТПУ).— , 2015
Т. 1.— [С. 94-97]
Glavni avtor: Курмангалиев Р. Х.
Korporativna značnica: Национальный исследовательский Томский политехнический университет (ТПУ) Энергетический институт (ЭНИН) Кафедра электротехнических комплексов и материалов (ЭКМ)
Drugi avtorji: Можевитин Д. В. (научный руководитель), Кац М. Д. Марк Давыдович
Izvleček:Заглавие с титульного экрана
This article presents a mathematical method for processing experimental data. Were obtained mathematical expressions for delay the ignition of condensed matter by single particles heated from the initial temperature of the particles of the obtained data, and select the most appropriate dependences.
Izdano:
Serija:Устойчивая энергетика
Teme:
Online dostop:http://earchive.tpu.ru/handle/11683/22111
http://www.lib.tpu.ru/fulltext/c/2015/C01/V1/030.pdf
Format: Elektronski Book Chapter
KOHA link:https://koha.lib.tpu.ru/cgi-bin/koha/opac-detail.pl?biblionumber=615076

MARC

LEADER 00000naa2a2200000 4500
001 615076
005 20240117151450.0
035 |a (RuTPU)RU\TPU\conf\13271 
035 |a RU\TPU\conf\13266 
090 |a 615076 
100 |a 20151023d2015 k y0rusy50 ca 
102 |a RU 
105 |a y z 101zy 
135 |a drcn ---uucaa 
181 0 |a i  
182 0 |a b 
200 1 |a Математическая обработка экспериментальных данных зажигания смесевого твердого топлива одиночными нагретыми частицами  |d Mathematical processing of experimental data ignition composite solid propellant solitary heated particles  |f Р. Х. Курмангалиев, Д. В. Можевитин  |g науч. рук. М. Д. Кац 
203 |a Текст  |c электронный 
225 1 |a Устойчивая энергетика 
300 |a Заглавие с титульного экрана 
320 |a [Библиогр.: с. 97 (5 назв.)] 
330 |a This article presents a mathematical method for processing experimental data. Were obtained mathematical expressions for delay the ignition of condensed matter by single particles heated from the initial temperature of the particles of the obtained data, and select the most appropriate dependences. 
337 |a Adobe Reader 
461 1 |0 (RuTPU)RU\TPU\conf\13102  |t Современные техника и технологии  |o сборник трудов XXI международной научной конференции студентов, аспирантов и молодых ученых, Томск, 5-9 октября 2015 г.  |o в 2 т.  |f Национальный исследовательский Томский политехнический университет (ТПУ)  |d 2015 
463 0 |0 (RuTPU)RU\TPU\conf\13104  |t Т. 1  |f под ред. А. А. Сивкова [и др.]  |v [С. 94-97] 
510 1 |a Mathematical processing of experimental data ignition composite solid propellant solitary heated particles  |z eng 
610 1 |a труды учёных ТПУ 
610 1 |a электронный ресурс 
610 1 |a математическая обработка 
610 1 |a экспериментальные данные 
610 1 |a зажигание 
610 1 |a твердые топлива 
610 1 |a одиночные частицы 
610 1 |a нагретые частицы 
700 1 |a Курмангалиев  |b Р. Х. 
701 1 |a Можевитин  |b Д. В. 
702 1 |a Кац  |b М. Д.  |c специалист в области теплоэнергетики  |c доцент Томского политехнического университета, кандидат физико-математических наук  |f 1947-  |g Марк Давыдович  |4 727  |9 11457 
712 0 2 |a Национальный исследовательский Томский политехнический университет (ТПУ)  |b Энергетический институт (ЭНИН)  |b Кафедра электротехнических комплексов и материалов (ЭКМ)  |3 (RuTPU)RU\TPU\col\20031 
801 2 |a RU  |b 63413507  |c 20210119  |g RCR 
856 4 |u http://earchive.tpu.ru/handle/11683/22111 
856 4 |u http://www.lib.tpu.ru/fulltext/c/2015/C01/V1/030.pdf 
942 |c BK